| 000 -ლიდერი |
| ფიქსირებული სიგრძის საკონტროლო ველი |
00823nam a2200217Ia 4500 |
| 001 - საკონტროლო ნომერი |
| საკონტროლო ველი |
6014 |
| 003 - საკონტროლო ნომრის იდენტიფიკატორი |
| საკონტროლო ველი |
GE_BSU |
| 005 - ბოლო ოპერაციის თარიღი და დრო |
| საკონტროლო ველი |
20190902113944.0 |
| 008 - ფიქსირებული სიგრძის მონაცემთა ელემენტები - ზოგადი ინფორმაცია |
| ფიქსირებული სიგრძის საკონტროლო ველი |
181216s1971||||ge |||||||||||||| ||geo|| |
| 040 ## - კატალოგიზაციის წყარო |
| Transcribing agency |
GE_BSU |
| 041 ## - ენის კოდი |
| Language code of text/sound track or separate title |
geo |
| 080 ## - უნივერსალური ათობითი კლასიფიკაციის ინდექსი |
| Universal Decimal Classification number |
821.353.1-4 ა-15 |
| 100 ## - მთავარი ჩანაწერი - პიროვნების სახელი |
| Personal name |
აბრამია, პოლიო |
| 9 (RLIN) |
3851 |
| 245 ## - ცნობა სათაურის შესახებ |
| Title |
ალაზნის პირას : |
| Remainder of title |
ლექსები / |
| Statement of responsibility, etc |
სულხან აბდელანი ; რედ. დ. ფანჩულიძე. |
| 264 ## - წარმოების, გამოცემის, დისტრიბუციის და სხვა ცნობები |
| გამოცემის, წარმოების, დისტრიბუციის... ადგილი |
თბილისი : |
| გამოცემის, წარმოების, დისტრიბუციის... სახელწოდება |
სახელგამი ; |
| გამოცემის, წარმოების, დისტრიბუციის... თარიღი |
1950. |
| 300 ## - ფიზიკური აღწერა |
| Extent |
68 გვ. ; |
| Dimensions |
20 სმ. |
| 653 ## - INDEX TERM--UNCONTROLLED |
| Uncontrolled term |
ალაზნის პირას |
| 653 ## - INDEX TERM--UNCONTROLLED |
| Uncontrolled term |
ნარკვევები |
| 700 ## - ADDED ENTRY--PERSONAL NAME |
| Personal name |
ქოიავა, მურმან |
| Relator term |
რედაქტორი |
| 9 (RLIN) |
3849 |
| 942 ## - ADDED ENTRY ELEMENTS (KOHA) |
| Koha item type |
წიგნი |
| Source of classification or shelving scheme |
|